| 000 | 00884nam a2200241Ia 4500 | ||
|---|---|---|---|
| 008 | 191130s2005##################000#0#eng## | ||
| 020 | _a9781844072521 | ||
| 022 | _a2007273960 | ||
| 040 |
_aACL _cACL |
||
| 082 | _a338 SAC | ||
| 100 | _aSachs, Jeffrey | ||
| 245 |
_aInvesting in development : a practical plan to achieve the millennium development goals. Overview _cUN Millennium Project, Jeffrey D. Sachs, director |
||
| 260 |
_a[London ; Sterling, Va _bEarthscan] _cc2005 |
||
| 300 | _axvi, 74 p. : ill., maps ; 26 cm | ||
| 500 | _aIncludes bibliographical references and index | ||
| 650 | _aDeveloping countries - Economic policy | ||
| 650 | _aHumanitarian assistance | ||
| 650 | _aUN Millennium Project | ||
| 710 | _aUN Millennium Project, United Nations Development Programme | ||
| 990 | _a4c771383ac10000c49fd73052fdc9be6 | ||
| 991 | _a164830 | ||
| 999 |
_c220636 _d220636 |
||